Вулканизм [Кузбасс]; Т. 7: Кузнецкий, Горловский бассейны и другие угольные месторождения Западной Сибири

Podrobná bibliografie
Parent link:Т. 7: Кузнецкий, Горловский бассейны и другие угольные месторождения Западной Сибири.— 1969.— С. 184-205
Hlavní autor: Кузьмин А. М. Алексей Михайлович
Jazyk:ruština
Vydáno: 1969
Témata:
Médium: Kapitola
KOHA link:https://koha.lib.tpu.ru/cgi-bin/koha/opac-detail.pl?biblionumber=152393

MARC

LEADER 00000naa2a2200000 4500
001 152393
005 20231031150952.0
035 |a (RuTPU)RU\TPU\book\165223 
035 |a RU\TPU\tpu\15471 
090 |a 152393 
100 |a 20090130d1969 k y0rusy50 ca 
101 0 |a rus 
102 |a RU 
200 1 |a Вулканизм [Кузбасс]  |f А. М. Кузьмин 
463 0 |0 (RuTPU)RU\TPU\book\100952  |t Т. 7: Кузнецкий, Горловский бассейны и другие угольные месторождения Западной Сибири  |f под ред. Н. М. Белянина, И. Н. Звонарева, Э. М. Паха  |v С. 184-205  |d 1969  |p 912 с. 
610 1 |a труды учёных ТПУ 
700 1 |a Кузьмин  |b А. М.  |c российский геолог  |c профессор Томского политехнического института  |f 1891-1980  |g Алексей Михайлович  |2 stltpush  |3 (RuTPU)RU\TPU\pers\13901 
801 1 |a RU  |b 63413507  |c 20081209  |g PSBO 
801 2 |a RU  |b 63413507  |c 20111206  |g PSBO 
942 |c BK